[Event "GER-ch54 V06 email"]
[Site "GER email"]
[Date "2022.05.01"]
[Round "?"]
[White "Raessler, Arndt"]
[Black "Ries, Berthold"]
[Result "1/2-1/2"]
[WhiteElo "2115"]
[BlackElo "2111"]
[PlyCount "41"]
[EventDate "2022.05.01"]
[EventType "tourn (corr)"]
[EventRounds "10"]
[EventCountry "GER"]
[SourceTitle "Corr 2024"]
[Source "ChessBase"]
[SourceDate "2023.10.19"]
[SourceVersion "1"]
[SourceVersionDate "2023.10.19"]
[SourceQuality "1"]

1. d4 Nf6 2. c4 e6 3. Nf3 d5 4. Nc3 Bb4 5. Bg5 h6 6. Bxf6 Qxf6 7. e3 0-0 8. Rc1 dxc4 9. Bxc4 c5 10. 0-0 cxd4 11. Ne4 Qe7 12. a3 Ba5 13. Qxd4 Rd8 14. Qc5 Qxc5 15. Nxc5 Nd7 16. Nb3 Bb6 17. Be2 Nf6 18. Ne5 Bd7 19. Nxd7 Rxd7 20. Rfd1 Rxd1+ 21. Bxd1 1/2-1/2